Irish Soccer Players to Play in the La Liga - Statistics

General Stats
  • This quiz has been taken 17 times
  • The average score is 2 of 10
Answer Stats
Players Club(s) Apps Goals Years % Correct
Matt Doherty Atlético Madrid 2 0 2023
69%
John Aldridge Real Sociedad 63 33 1989-91
38%
John Patrick Finn Getafe 8 0 2020-present
38%
Ian Harte Levante 66 10 2004-07
31%
Steve Finnan Espanyol 4 0 2008-09
31%
Michael Robinson Osasuna 58 12 1987-89
23%
Kevin Moran Sporting Gijón 33 0 1988-90
8%
Alan Campbell Racing de Santander 63 15 1984-86
0%
Ashley Grims Osasuna 15 0 1989-91
0%
Liam Buckley Racing de Santander 35 5 1986-87
0%
No matching quizzes found
Score Distribution
Percent of People with Each Score
Percentile by Number Answered
Your Score History
You have not taken this quiz